000 00503nam a2200157 i 4500
001 57897
003 ES-MaACL
005 20230906163657.0
007 t|
008 031020s1925 ag ||||1| spa d
100 1 _aDonghi de Halperin, Renata.
_945316
245 1 0 _aContribución al estudio del italianismo en la República Argentina /
_cpor Renata Donghi de Halperin.
260 _aBuenos Aires :
_b[s.n.,
_c1925] (
_fImp. de la Universidad)
300 _a8 h. ;
_c24 cm.
852 _aES-MaACL
_j1758-F-16
999 _c57897
_d57897